| 000 | 00943cam a22002651 4500 | ||
|---|---|---|---|
| 001 | l 28000145 | ||
| 003 | DLC | ||
| 005 | 20260227111531.0 | ||
| 007 | cr_||||||||||| | ||
| 008 | 761105s1928 xx 000 0 engd | ||
| 010 | _al 28000145 | ||
| 035 | _a(OCoLC)2541649 | ||
| 040 |
_aDLC _cOKentU _dDLC |
||
| 050 | 0 | 0 |
_aHD4976.O3 _bI6 |
| 110 | 2 | _aInformation Bureau on Women's Work (Toledo, Ohio) | |
| 245 | 1 | 0 |
_aWage rates, earnings, and fluctuation of employment: _bOhio, 1914-1926 (inclusive) |
| 260 |
_aToledo, O., _bInformation bureau on women's work _c[1928?] |
||
| 300 |
_acover-title, 140 p. _billus. _c26 cm. |
||
| 530 | _aA digital reproduction is available from the Open Collections Program at Harvard University, Women and work collection. | ||
| 650 | 0 |
_aWages _zOhio. |
|
| 650 | 0 |
_aLabor _zOhio. |
|
| 650 | 0 |
_aUnemployed _zOhio. |
|
| 650 | 0 |
_aWomen _xEmployment _zOhio. |
|
| 856 | 4 | 1 | _uhttp://nrs.harvard.edu/urn-3:FHCL:136975 |
| 999 |
_c35911 _d35911 |
||